000 00662nam a2200301Ia 4500
005 20260401122423.0
008 008 250103s9999 xx 000 0 eng d
020 _a9789382178026
037 _aTB
040 _aEDL
040 _beng
040 _cEDL
041 _2eng
041 _aeng
084 _a823.9NAI
084 _qEDL
100 _aNaipaul, V.S
245 0 _aHouse for Mr. Biswas: Critical perspective
245 0 _cNaipaul, V.S
260 _aNew Delhi
260 _bPencraft International
260 _c2013
300 _a246p
942 _cTB
942 _h823.9NAI
999 _c1847160
_d1847160